| 000 | 01450nam0a2200349 4500 | ||
|---|---|---|---|
| 001 | RU\NLR\bibl\1767439 | ||
| 005 | 20260409070721.0 | ||
| 010 | _a978-5-9951-1086-6 | ||
| 021 |
_aRU _b2011-28906 _92052 |
||
| 035 | _a(NLR Aleph) 001758230 | ||
| 090 |
_a1561858 _c1561858 |
||
| 100 | _a20110510d2011 |||y0rusy50 ca | ||
| 101 | 0 | _arus | |
| 102 | _aRU | ||
| 105 | _aa ||||||||| | ||
| 200 | 1 |
_aРазвиваем речь _e[для изучения детьми от четырех лет и старше при помощи родителей _fЕ. Синякина, С. Синякина _gхудож.: Н. Ситников] |
|
| 210 |
_aМосква _cСтрекоза _d2011 |
||
| 215 |
_a[16] с. _cцв. ил. _d26 |
||
| 225 | 1 |
_aДружок _iДошкольная подготовка. 4 года |
|
| 300 | _aАвт. указаны в вып. дан. | ||
| 606 |
_aДошкольники _xРазвитие речи _3RU\NLR\auth\66356888 _9957151 |
||
| 686 | _aЧ411.382.11 | ||
| 700 | 1 |
_4070 _8rus _7ca _aСинякина _bЕ. _gЕлена _3RU\NLR\auth\7757436 _940368 |
|
| 701 | 1 |
_4070 _8rus _7ca _aСинякина _bС. _gСветлана _3RU\NLR\auth\7757437 _940369 |
|
| 702 | 1 |
_4040 _8rus _7ca _aСитников _bН. _cиллюстратор _gНиколай _3RU\NLR\AUTH\7764178 _947107 |
|
| 801 | 0 |
_aRU _bNLR _c20110510 _gRCR |
|
| 801 | 1 |
_aRU _bNLR _c20110510 |
|
| 942 | _cBOOK | ||
| 980 | _aNB | ||
| 980 | _aNBR | ||